Only Countries that defeated Colombia in FIFA - Statistics

General Stats
  • This quiz has been taken 14 times
  • The average score is 5 of 8
Answer Stats
Times Defeated Country % Correct
1 Brazil
93%
1 England
86%
1 Japan
71%
1 United States
64%
1 Uruguay
64%
1 Cameroon
50%
2 Yugoslavia
50%
2 Romania
21%
No matching quizzes found
Score Distribution
Percent of People with Each Score
Percentile by Number Answered
Your Score History
You have not taken this quiz